000 00723nam a2200289Ia 4500
005 20260324121203.0
008 008 260324s9999 xx 000 0 eng d
020 _a9781003447061
037 _aEBOOK
040 _aCRL
040 _beng
040 _cCRL
041 _2eng
041 _aeng
084 _qCRL
100 _aLinda B. Nilson; Claudia J. Stanny
_91161538
245 0 _aSpecifications Grading
245 0 _bRestoring Rigor, Motivating Students, and Saving Faculty Time
260 _bTaylor and Francis
260 _c2014
365 _a
365 _b230
856 _uhttp://www.taylorfrancis.com/books/9781003447061
942 _cEBOOK
999 _c1753475
_d1753475